| 000 | 00749nam a2200205 i 4500 | ||
|---|---|---|---|
| 001 | 37361 | ||
| 003 | ES-MaACL | ||
| 005 | 20240513170011.0 | ||
| 007 | t| | ||
| 008 | 030220s1973 sp ||||1| spa d | ||
| 100 | 1 |
_aBuero Vallejo, Antonio, _d1916-2000 _932421 |
|
| 245 | 1 | 0 |
_aTres maestros ante el público _b: (Valle-Inclán, Velázquez, Lorca) / _cAntonio Buero Vallejo. |
| 260 |
_aMadrid : _bAlianza, _c[1973] |
||
| 300 |
_a171 p. ; _c18 cm. |
||
| 600 | 1 | 4 |
_aValle-Inclán, Ramón del, _d1866-1936- _xCrítica e interpretación _9112800 |
| 600 | 1 | 4 |
_aVelázquez, Diego, _d1599-1660 _9113793 |
| 600 | 1 | 4 |
_aGarcía Lorca, Federico, _d1898-1936- _xCrítica e interpretación _954857 |
| 852 |
_aES-MaACL _jC-53358 |
||
| 999 |
_c37361 _d37361 |
||